000 00656cab a2200229 4500
001 WB3145-15
008 090401t1995 xxu||||| |||| 00| 0 eng d
035 _a(Sirsi) u40688
041 _aeng
245 _aBritains` heart is slipping south
260 _c1995
350 _a0
490 _aIndependent on Sunday
_v26 November 1995, 11
490 _aObserver
_v26 November 1995, (2)
520 _aThe British population is drifting steadily south-eastwards according to a new government study.
650 _aBRITAIN
650 _aMIGRATION
650 _aPOPULATION SURVEY
690 _aECONOMIC AND SOCIAL
942 _n0
948 _c04/03/1997
999 _c26074
_d26074